Galib: vyaktitva mattu yuganta (Record no. 121962)

MARC details
000 -LEADER
fixed length control field 02632nam a2200325Ia 4500
003 - CONTROL NUMBER IDENTIFIER
control field OSt
005 - DATE AND TIME OF LATEST TRANSACTION
control field 20251112141327.0
008 - FIXED-LENGTH DATA ELEMENTS--GENERAL INFORMATION
fixed length control field 210210b2014 xxu||||| |||| 00| 0 eng d
020 ## - INTERNATIONAL STANDARD BOOK NUMBER
International Standard Book Number 9788126044861
040 ## - CATALOGING SOURCE
Transcribing agency AL
041 ## - LANGUAGE CODE
Language code of text/sound track or separate title Kannada
082 ## - DEWEY DECIMAL CLASSIFICATION NUMBER
Classification number K894.109 VARG
100 ## - MAIN ENTRY--PERSONAL NAME
Personal name VARMA (Pavan K)
Dates associated with a name ವರ್ಮಾ (ಪವನ್ ಕೆ)
9 (RLIN) 245213
245 ## - TITLE STATEMENT
Title Galib: vyaktitva mattu yuganta
Remainder of title ಗಾಲಿಬ್ ವ್ಯಕ್ತಿತ್ವ ಮತ್ತು ಯುಗಾಂತ
260 ## - PUBLICATION, DISTRIBUTION, ETC.
Place of publication, distribution, etc. Navadehali
Name of publisher, distributor, etc. Sahity Akademi
Date of publication, distribution, etc. 2014
300 ## - PHYSICAL DESCRIPTION
Extent 272
520 ## - SUMMARY, ETC.
Summary, etc. ಮಿರ್ಜಾ ಮೊಹಮದ್ ಇಸರುಲ್ಲಾಹ್ ಖಾನ್ ಗಾಲಿಬ್ (1797-1869) ಒಂಬತ್ತನೆ ವಯಸ್ಸಿನಲ್ಲಿ ಬರೆದ ಪರ್ಷಿಯನ್ ಕವಿತೆ ಓದಿ ಇವನಿಗೆ ಭವ್ಯ ಭವಿಷ್ಯವಿಗೆ ಎಂದಿದ್ದ ಅಂದಿನ ಪ್ರಮುಖ ಕವಿ ಮಿರ್. ಆದರೆ ಮೂರ್ಖರನ್ನು ಸಹಿಸದ ಅದ್ಭುತ ಕವಿ ಗಾಲಿಗ್ ಗೆ ಅವರ ಯುಗ ಮತ್ತು ಸಮಾಜ ಎರಡೂ ವಿರುದ್ಧವಾಗಿದ್ದವು. ಮುಘಲ್ ಅಸ್ಥಾನದ ಅವನತಿ, ಬ್ರಿಟಿಷ್ ಸಾಮ್ರಾಜ್ಯದ ಉತ್ಕರ್ಷ, 1857ರ ಸ್ವಾತಂತ್ರ್ಯ ಹೋರಾಟ ಎಲ್ಲಕ್ಕೂ ಸಾಕ್ಷಿಯಾಗಿದ್ದ ಅವನ ಪ್ರೀತಿಯಲ್ಲಿ ದಿಲ್ಲಿ ಹಂತಹಂತವಾಗಿ ಗುರುತು ಹಿಡಿಯಲಾರದಂತೆ ಬದಲಾಗಿ ಹೋಗುತ್ತಿದ್ದಾಗಲೆ ಹುಟ್ಟಿತು ಅವರ ಅಮರ ಕಾವ್ಯ. ಹತ್ತೊಂಬತ್ತನೆ ಶತಕದ ಭಾರತದ ಅತ್ಯಂತ ಶ್ರೇಷ್ಠಕವಿ ಗಾಲಿಬ್ ನ ಜ್ವಲಂತ ಜೀವನ ಚರಿತ್ರೆ ಇದು. ಲೇಖಕ ಪವನ್ ಕೆ. ವರ್ಮ ಇಂಗ್ಲಿಷ್ ನಲ್ಲಿ ರಚಿಸಿರುವ ಕೃತಿಯನ್ನು ಬಿದರಹಳ್ಳಿ ನರಸಿಂಹಮೂರ್ತಿ ಕನ್ನಡೀಕರಿಸಿದ್ದಾರೆ.
650 ## - SUBJECT ADDED ENTRY--TOPICAL TERM
Topical term or geographic name entry element yuganta
9 (RLIN) 245214
650 ## - SUBJECT ADDED ENTRY--TOPICAL TERM
Topical term or geographic name entry element vyaktitva
9 (RLIN) 245215
650 ## - SUBJECT ADDED ENTRY--TOPICAL TERM
Topical term or geographic name entry element Tr
9 (RLIN) 245216
650 ## - SUBJECT ADDED ENTRY--TOPICAL TERM
Topical term or geographic name entry element Narasimhamurti
9 (RLIN) 245217
650 ## - SUBJECT ADDED ENTRY--TOPICAL TERM
Topical term or geographic name entry element mattu
9 (RLIN) 245218
650 ## - SUBJECT ADDED ENTRY--TOPICAL TERM
Topical term or geographic name entry element Galib:
9 (RLIN) 245219
650 ## - SUBJECT ADDED ENTRY--TOPICAL TERM
Topical term or geographic name entry element by
9 (RLIN) 245220
650 ## - SUBJECT ADDED ENTRY--TOPICAL TERM
Topical term or geographic name entry element Bidarahalli
9 (RLIN) 245221
690 ## - LOCAL SUBJECT ADDED ENTRY--TOPICAL TERM (OCLC, RLIN)
Topical term or geographic name as entry element Kannada Poetry Criticism
9 (RLIN) 245222
700 ## - ADDED ENTRY--PERSONAL NAME
Personal name Bidarahalli Narasimhamurti
Dates associated with a name ಬಿದರಹಳ್ಳಿ ನರಸಿಂಹಮೂರ್ತಿ tr
9 (RLIN) 245223
906 ## - LOCAL DATA ELEMENT F, LDF (RLIN)
a 072030
942 ## - ADDED ENTRY ELEMENTS (KOHA)
Source of classification or shelving scheme Dewey Decimal Classification
Koha item type Book
Holdings
Withdrawn status Lost status Source of classification or shelving scheme Damaged status Not for loan Collection code Home library Current library Shelving location Date acquired Source of acquisition Cost, normal purchase price Total Checkouts Full call number Barcode Date last seen Price effective from Koha item type
    Dewey Decimal Classification     Kannada St Aloysius Library St Aloysius Library   02/17/2021 Sahitya Akademi, Bangalore 135.00   K894.109 VARG 072030 02/17/2021 02/17/2021 Book